000 00404nam a2200181Ia 4500
001 17791
005 20260306171543.0
008 260306s9999||||xx |||||||||||||| ||und||
041 _aESP
082 _a658.2
_bD68 2007
100 _aDíaz Garay, Bertha
_eAUT
245 0 _aDisposición de planta
260 _c2014
300 _a
_c
650 _aGEN
654 _aCAN
942 _cLIB
_dJUS
_fJUS
_2ddc
_n
999 _c17791
_d17791